| 000 | 00676nam a2200205 4500 | ||
|---|---|---|---|
| 005 | 20211021142920.0 | ||
| 008 | 210628b ag ||||| |||| 00| 0 spa d | ||
| 020 | _a9871074204 | ||
| 050 | 0 | 4 |
_aK3280 _bK56 2005 |
| 100 | 1 | _aKintzler, Catherine. | |
| 245 | 1 | 0 |
_aTolerancia y laicismo _c/ Catherine Kintzler, ; traducción María Elena Ladd |
| 250 | _a1a ed. | ||
| 260 |
_aBuenos Aires, Argentina : _bEdiciones Del Signo, _c2005. |
||
| 300 |
_a57 p. ; _c21 cm. |
||
| 440 | _aColección Razón Política / Educación | ||
| 500 | _aTitulo original : Tolérance et Laïcité. | ||
| 650 | 7 |
_2lemb _aLaicismo |
|
| 700 | 1 |
_aLadd María Elena. _etr. |
|
| 942 |
_2lcc _cLIB |
||
| 999 |
_c156544 _d156542 |
||